书目信息 |
| 题名: |
中国新闻史新修
|
|
| 作者: | 吴廷俊 | |
| 分册: | ||
| 出版信息: | 上海 复旦大学出版社 2008.80 |
|
| 页数: | 594页 | |
| 开本: | 24cm | |
| 丛书名: | ||
| 单 册: | ||
| 中图分类: | G219.29 | |
| 科图分类: | ||
| 主题词: | ||
| 电子资源: | ||
| ISBN: | 978-7-309-06146-8 | |
| 000 | 00532nam0 2200169 450 | |
| 001 | 202410313640835443 | |
| 005 | 20241101102811.34 | |
| 010 | @a978-7-309-06146-8@d¥58.00 | |
| 100 | @a20241031d km y0chiy0120 ea | |
| 101 | 0 | @achi |
| 200 | 1 | @a中国新闻史新修@AZhong Guo Xin Wen Shi Xin Xiu@f吴廷俊@FWu Ting Jun |
| 210 | @a上海@c复旦大学出版社@d2008.80 | |
| 215 | @a594页@d24cm | |
| 690 | @aG219.29@v4 | |
| 701 | 0 | @a吴廷俊@AWu Ting Jun |
| 801 | 0 | @aCN@b大连网信软件有限公司图书馆·11@c20241101 |
| 905 | @aZUCC@b7615683@dG219.29@e1069@f1 | |
| 中国新闻史新修/吴廷俊.-上海:复旦大学出版社,2008.80 |
| 594页;24cm |
| ISBN 978-7-309-06146-8:¥58.00 |
| ● |
| 相关链接 |
|
|
|
|
正题名:中国新闻史新修
索取号:G219.29/1069
 
预约/预借
| 序号 | 登录号 | 条形码 | 馆藏地/架位号 | 状态 | 备注 |
| 1 | 7615683 | 276156838 | 密集书库-文学院/ [索取号:G219.29/1069] | 在馆 |